000 00630nam a2200145 i 4500
001 53397
003 ES-MaACL
007 t|
008 931025s1897 sp a ||||1| spa d
110 2 _aEscuela Provincial de Bellas Artes de Cádiz.
_93589
245 1 0 _aSolemne apertura del curso de 1897-1898 y distribución de premios á los alumnos que los obtuvieron en los cursos de 1895 a 1896 y 1896 a 1897 /
_cEscuela Provincial de Bellas Artes de Cadiz.
260 _aCadiz :
_b[s.n.],
_c1897 (
_fImp. de la Revista Médica, de Federico Joly)
300 _a57 p., 25 h., [2] h. de lám. :
_bil. ;
_c23 cm.
852 _aES-MaACL
_jT-864-F-11
999 _c53397
_d53397